<?xml version="1.0" encoding="UTF-8"?>
<record
    xmlns:xsi="http://www.w3.org/2001/XMLSchema-instance"
    xsi:schemaLocation="http://www.loc.gov/MARC21/slim http://www.loc.gov/standards/marcxml/schema/MARC21slim.xsd"
    xmlns="http://www.loc.gov/MARC21/slim">

  <leader>02000agaaa2200337   4500</leader>
  <controlfield tag="001">0912</controlfield>
  <controlfield tag="003">IT-RoPAU</controlfield>
  <controlfield tag="005">20220918181226.0</controlfield>
  <controlfield tag="007">d cvaizq</controlfield>
  <controlfield tag="008">50131s9999||||xx ||| |     ||   ||und||</controlfield>
  <datafield tag="040" ind1=" " ind2=" ">
    <subfield code="a">IT-RoPAU</subfield>
    <subfield code="c">IT-RoPAU</subfield>
  </datafield>
  <datafield tag="041" ind1=" " ind2=" ">
    <subfield code="a">ITALIANO</subfield>
  </datafield>
  <datafield tag="100" ind1=" " ind2=" ">
    <subfield code="a">Hawks Howard</subfield>
    <subfield code="g">Codice regista SPICS: 11262</subfield>
    <subfield code="9">38291</subfield>
  </datafield>
  <datafield tag="130" ind1=" " ind2=" ">
    <subfield code="a">UOMINI PREFERISCONO LE BIONDE (GLI)</subfield>
    <subfield code="9">38292</subfield>
  </datafield>
  <datafield tag="240" ind1=" " ind2=" ">
    <subfield code="a">MONKEY BUSINESS</subfield>
    <subfield code="g">T2259</subfield>
  </datafield>
  <datafield tag="245" ind1=" " ind2=" ">
    <subfield code="a">UOMINI PREFERISCONO LE BIONDE (GLI)</subfield>
    <subfield code="c">Prodotto da: Siegel Sol C. -- Sceneggiatura: Lederer Charles -- Diretto da: Hawks Howard</subfield>
    <subfield code="p">UOMINI PREFERISCONO LE BIONDE (GLI) (Rif. Codice opera principale : 90912)</subfield>
  </datafield>
  <datafield tag="246" ind1=" " ind2=" ">
    <subfield code="a">MONKEY BUSINESS</subfield>
  </datafield>
  <datafield tag="250" ind1=" " ind2=" ">
    <subfield code="a">Edizione Standard</subfield>
  </datafield>
  <datafield tag="260" ind1=" " ind2=" ">
    <subfield code="a">(USA)</subfield>
    <subfield code="b">20TH CENTURY FOX / Distribuzione: CBS-FOX</subfield>
    <subfield code="g">"1953 (1&#xB0; ed.: 1990 ; Ed. Lingua Orig.: 1953)"</subfield>
  </datafield>
  <datafield tag="300" ind1=" " ind2=" ">
    <subfield code="a">VHS</subfield>
    <subfield code="b">sonoro, b&amp;w</subfield>
    <subfield code="c">88 minuti</subfield>
  </datafield>
  <datafield tag="508" ind1=" " ind2=" ">
    <subfield code="a">"Fotografia: Wild Harry J.; Montaggio: Fowler Hugh; Musica: Carmichael Hoagy; Sceneggiatura: Lederer Charles; Scenografia: Carpentier Claude; Coreografia: Cole Jack; "</subfield>
  </datafield>
  <datafield tag="511" ind1=" " ind2=" ">
    <subfield code="a">"Russell Jane; Monroe Marilyn; Coburn Charles; Reid Elliott; Holmes Taylor; Noonan To"</subfield>
  </datafield>
  <datafield tag="520" ind1=" " ind2=" ">
    <subfield code="a">LORELI LEE E' L'UNICA BALLERINA AL MONDO CHE CON UN RIFLETTORE PUNTATO NEGLI OCCHI E' ANCORA IN GRADO DI VEDERE UN DIAMANTE NELLE TASCHE DI UN UOMO SEDUTO A TEATRO PER LORELI I DIAMANTI SONO I MIGLIORI AMICI DELLE DONNE E OLTRE A CANTARLO LO PENSA SUL SERIO TUTTO IL CONTRARIO DELLA SUA AMICA DOROTHY CHE SI SPOSERA' SOLO QUANDO INCONTRERA' IL VERO AMORE MENTRE L'OSSESSIONEPER LA RICCHEZZA PORTERA' LORELI VERSO UN MARE DI GUAI COMMEDIA MUSICALE ACOLORI</subfield>
  </datafield>
  <datafield tag="538" ind1=" " ind2=" ">
    <subfield code="a">PAL, STEREO</subfield>
  </datafield>
  <datafield tag="546" ind1=" " ind2=" ">
    <subfield code="a">ITALIANO</subfield>
  </datafield>
  <datafield tag="650" ind1=" " ind2=" ">
    <subfield code="a">COMMEDIA</subfield>
    <subfield code="e">FILMS [VHS]</subfield>
    <subfield code="x">Codice MATERIA SPICS: 9960</subfield>
    <subfield code="9">38293</subfield>
  </datafield>
  <datafield tag="700" ind1=" " ind2=" ">
    <subfield code="a">Carmichael Hoagy</subfield>
    <subfield code="e">(musica)</subfield>
    <subfield code="g">Codice Musica SPICS: 10736</subfield>
    <subfield code="9">38294</subfield>
  </datafield>
  <datafield tag="700" ind1=" " ind2=" ">
    <subfield code="a">Hawks Howard </subfield>
    <subfield code="e">(regista)</subfield>
    <subfield code="g">Codice regista SPICS: 11262</subfield>
    <subfield code="9">38295</subfield>
  </datafield>
  <datafield tag="700" ind1=" " ind2=" ">
    <subfield code="a">Hecht Ben </subfield>
    <subfield code="e">(soggetto)</subfield>
    <subfield code="g">Codice Soggetto SPICS: 9138</subfield>
    <subfield code="9">38296</subfield>
  </datafield>
  <datafield tag="942" ind1=" " ind2=" ">
    <subfield code="c">VH</subfield>
    <subfield code="2">ddc</subfield>
  </datafield>
  <datafield tag="999" ind1=" " ind2=" ">
    <subfield code="c">104901</subfield>
    <subfield code="d">104901</subfield>
  </datafield>
  <datafield tag="952" ind1=" " ind2=" ">
    <subfield code="0">0</subfield>
    <subfield code="1">0</subfield>
    <subfield code="4">0</subfield>
    <subfield code="6">90912_000000000000000</subfield>
    <subfield code="7">1</subfield>
    <subfield code="a">SPICS</subfield>
    <subfield code="b">SPICS</subfield>
    <subfield code="d">2015-01-31</subfield>
    <subfield code="l">0</subfield>
    <subfield code="o">90912</subfield>
    <subfield code="r">2015-01-31 00:00:00</subfield>
    <subfield code="w">2015-01-31</subfield>
    <subfield code="y">VH</subfield>
    <subfield code="z">Progr. Ins.: 2900 / N.Vol.:1 / Copie: 1 / Pag.:0 / Copia rara: n.d. / date import: 1.2.2015 / By Epidotti, Trombetti, Vaglietti</subfield>
  </datafield>
</record>
